Statistics for Formula 1 Pole Sitters

Click here to take the quiz!

General Stats

  • This quiz has been taken 64 times
    (48 since last reset)
  • The average score is 59 of 106

Answer Stats

NumberDriverCountry% Correct
104Lewis HamiltonUnited Kingdom
98%
39Max VerstappenNetherlands
95%
68Michael SchumacherGermany
95%
6Ralf SchumacherGermany
95%
33Alain ProstFrance
93%
65Ayrton SennaBrazil
93%
57Sebastian VettelGermany
93%
23Charles LeclercMonaco
90%
22Fernando AlonsoSpain
90%
3Sergio PérezMexico
90%
20Valtteri BottasFinland
90%
5Carlos Sainz Jr.Spain
88%
1Kevin MagnussenDenmark
88%
18Kimi RäikkönenFinland
88%
26Mika HäkkinenFinland
88%
24Niki LaudaAustria
88%
3Daniel RicciardoAustralia
85%
5Keke RosbergFinland
83%
30Nico RosbergGermany
83%
20Damon HillUnited Kingdom
80%
1George RussellUnited Kingdom
80%
13Graham HillUnited Kingdom
80%
29Juan Manuel FangioArgentina
80%
6Phil HillUnited States
80%
16Felipe MassaBrazil
78%
2Gilles VilleneuveCanada
78%
13Jack BrabhamAustralia
78%
13Jacques VilleneuveCanada
78%
33Jim ClarkUnited Kingdom
78%
1Lando NorrisUnited Kingdom
78%
18Mario AndrettiUnited States
78%
32Nigel MansellUnited Kingdom
78%
13Juan Pablo MontoyaColombia
76%
1Lance StrollCanada
76%
13Mark WebberAustralia
76%
24Nelson PiquetBrazil
76%
1Pastor MaldonadoVenezuela
76%
1Robert KubicaPoland
76%
1Heikki KovalainenFinland
73%
17Jackie StewartUnited Kingdom
73%
8Jenson ButtonUnited Kingdom
73%
3Jody ScheckterSouth Africa
73%
6Emerson FittipaldiBrazil
71%
14Ronnie PetersonSweden
71%
14Alberto AscariItaly
68%
6Carlos ReutemannArgentina
68%
12Gerhard BergerAustria
68%
14James HuntUnited Kingdom
68%
10Jochen RindtAustria
68%
14Rubens BarrichelloBrazil
68%
12David CoulthardUnited Kingdom
66%
13Jacky IckxBelgium
66%
1Nico HülkenbergGermany
63%
18René ArnouxFrance
63%
6Alan JonesAustralia
61%
5Giuseppe FarinaItaly
61%
16Stirling MossUnited Kingdom
61%
5Clay RegazzoniSwitzerland
59%
1Denny HulmeNew Zealand
59%
4Giancarlo FisichellaItaly
59%
4Mike HawthornUnited Kingdom
59%
8Riccardo PatreseItaly
59%
8John SurteesUnited Kingdom
56%
1Nick HeidfeldGermany
56%
7Jacques LaffiteFrance
54%
4Jarno TrulliItaly
54%
1Thierry BoutsenBelgium
54%
2Michele AlboretoItaly
51%
2Jean AlesiFrance
49%
3José Froilán GonzálezArgentina
49%
2Heinz-Harald FrentzenGermany
44%
3Elio de AngelisItaly
41%
6Jean-Pierre JabouilleFrance
41%
5Patrick TambayFrance
41%
5Chris AmonNew Zealand
39%
4Didier PironiFrance
39%
2Jo SiffertSwitzerland
37%
3Tony BrooksUnited Kingdom
37%
1Carlos PaceBrazil
34%
3Dan GurneyUnited States
34%
1Bill VukovichUnited States
32%
1Wolfgang von TripsGermany
32%
2John WatsonUnited Kingdom
29%
1Patrick DepaillerFrance
27%
1Andrea de CesarisItaly
24%
1Jo BonnierSweden
24%
1Vittorio BrambillaItaly
24%
3Jean-Pierre JarierFrance
22%
1Peter RevsonUnited States
22%
1Lorenzo BandiniItaly
20%
1Dick RathmannUnited States
15%
1Tom PryceUnited Kingdom
15%
1Pat FlahertyUnited States
12%
3Teo FabiItaly
12%
1Eugenio CastellottiItaly
10%
1Bruno GiacomelliItaly
7%
1Jack McGrathUnited States
5%
1Mike ParkesUnited Kingdom
5%
2Stuart Lewis-EvansUnited Kingdom
5%
1Duke NalonUnited States
2%
1Fred AgabashianUnited States
2%
1Jerry HoytUnited States
2%
1Johnny ThomsonUnited States
2%
1Pat O'ConnorUnited States
2%
1Walt FaulknerUnited States
2%
1Eddie SachsUnited States
0%

Score Distribution

Percentile by Number Answered

Percent of People with Each Score

Your Score History

You have not taken this quiz since the last reset